<?xml version="1.0" encoding="UTF-8"?>
<collection xmlns="http://www.loc.gov/MARC21/slim">
 <record>
  <leader>01740nam a2200325   4500</leader>
  <controlfield tag="001">DLU110126014</controlfield>
  <controlfield tag="005">##20111003</controlfield>
  <datafield tag="040" ind1="#" ind2="#">
   <subfield code="a">DLU</subfield>
   <subfield code="b">vie</subfield>
  </datafield>
  <datafield tag="041" ind1="#" ind2="#">
   <subfield code="a">vie</subfield>
  </datafield>
  <datafield tag="044" ind1="#" ind2="#">
   <subfield code="a">vn</subfield>
  </datafield>
  <datafield tag="082" ind1="#" ind2="#">
   <subfield code="a">547.59</subfield>
   <subfield code="b">PH-N</subfield>
  </datafield>
  <datafield tag="100" ind1="#" ind2="#">
   <subfield code="a">Phan Thanh Sơn Nam.</subfield>
  </datafield>
  <datafield tag="245" ind1="#" ind2="#">
   <subfield code="a">Hoá dị vòng :</subfield>
   <subfield code="b">Lược dịch và tổng hợp từ nhiều nguồn tài liệu tham khảo khác nhau /</subfield>
   <subfield code="c">Phan Thanh Sơn Nam.</subfield>
  </datafield>
  <datafield tag="260" ind1="#" ind2="#">
   <subfield code="a">TP. HCM :</subfield>
   <subfield code="b">Đại học Quốc gia,</subfield>
   <subfield code="c">2010.</subfield>
  </datafield>
  <datafield tag="300" ind1="#" ind2="#">
   <subfield code="a">591 tr. :</subfield>
   <subfield code="b">minh hoạ ;</subfield>
   <subfield code="c">24 cm.</subfield>
  </datafield>
  <datafield tag="504" ind1="#" ind2="#">
   <subfield code="a">Tài liệu tham khảo: tr.590.</subfield>
  </datafield>
  <datafield tag="505" ind1="#" ind2="#">
   <subfield code="a">Chương mở đầu. Phân loại và danh pháp các hợp chất dị vòng -- Chương 1. Các hợp chất dị vòng thơm năm cạnh một dị tố -- Chương 2. Các hợp chất dị vòng thơm năm cạnh nhiều dị tố -- Chương 3. Các hợp chất ngưng tụ của dị vòng thơm năm cạnh một dị tố -- Chương 4. Các hợp chất dị vòng thơm sáu cạnh một dị tố -- Chương 5. Các hợp chất ngưng tụ của dị vòng thơm sáu cạnh một dị tố -- Chương 6. Các hợp chất dị vòng thơm sáu cạnh nhiều dị tố -- Chương 7. Các hợp chất dị vòng thơm năm và sáu cạnh phosphorus -- Chương 8. Xúc tác phức kim loại chuyển tiếp và các hợp chất dị vòng -- Chương 9. Hợp chất dị vòng và tổng hợp hoá dược.</subfield>
  </datafield>
  <datafield tag="650" ind1="#" ind2="#">
   <subfield code="a">Hợp chất dị vòng</subfield>
   <subfield code="v">Giáo trình.</subfield>
  </datafield>
  <datafield tag="650" ind1="#" ind2="#">
   <subfield code="a">Hoá học dị vòng</subfield>
   <subfield code="v">Giáo trình.</subfield>
  </datafield>
  <datafield tag="923" ind1="#" ind2="#">
   <subfield code="a">14/2011</subfield>
  </datafield>
  <datafield tag="991" ind1="#" ind2="#">
   <subfield code="a">GT</subfield>
  </datafield>
  <datafield tag="992" ind1="#" ind2="#">
   <subfield code="a">74000</subfield>
  </datafield>
  <datafield tag="994" ind1="#" ind2="#">
   <subfield code="a">DLU</subfield>
  </datafield>
  <datafield tag="900" ind1="#" ind2="#">
   <subfield code="a">True</subfield>
  </datafield>
  <datafield tag="911" ind1="#" ind2="#">
   <subfield code="a">Đào Thị Thu Huyền</subfield>
  </datafield>
  <datafield tag="925" ind1="#" ind2="#">
   <subfield code="a">G</subfield>
  </datafield>
  <datafield tag="926" ind1="#" ind2="#">
   <subfield code="a">A</subfield>
  </datafield>
  <datafield tag="927" ind1="#" ind2="#">
   <subfield code="a">SH</subfield>
  </datafield>
  <datafield tag="980" ind1="#" ind2="#">
   <subfield code="a">Thư viện Trường Đại học Đà Lạt</subfield>
  </datafield>
 </record>
</collection>
